Trek back from Burma, (Record no. 551879)
[ view plain ]
| 000 -LEADER | |
|---|---|
| fixed length control field | 00490cam a22001451 4500 |
| 082 ## - DEWEY DECIMAL CLASSIFICATION NUMBER | |
| Classification number | 959.1 |
| Author Mark | BUR |
| -- | L-30, P-57 |
| 100 1# - MAIN ENTRY--PERSONAL NAME | |
| Personal name | Burchett, Wilfred G., |
| 9 (RLIN) | 49022 |
| 245 10 - TITLE STATEMENT | |
| Title | Trek back from Burma, |
| Statement of responsibility, etc. | by W. G. Burchett. |
| 260 ## - PUBLICATION, DISTRIBUTION, ETC. | |
| Place of publication, distribution, etc. | Allahabad, |
| Name of publisher, distributor, etc. | Kitabistan |
| Date of publication, distribution, etc. | [1943?] |
| 300 ## - PHYSICAL DESCRIPTION | |
| Extent | 4 p. l., 330 p. |
| Dimensions | 22 cm. |
| 526 ## - STUDY PROGRAM INFORMATION NOTE | |
| Program name | 0 |
| Interest level | 0 |
| Reading level | 0 |
| Title point value | 959_100000000000000_BUR |
| 650 #0 - SUBJECT ADDED ENTRY--TOPICAL TERM | |
| Topical term or geographic name entry element | World War, 1939-1945 |
| General subdivision | Personal narratives, Australian. |
| 9 (RLIN) | 49050 |
| 650 #0 - SUBJECT ADDED ENTRY--TOPICAL TERM | |
| Topical term or geographic name entry element | World War, 1939-1945 |
| Geographic subdivision | Burma. |
| 9 (RLIN) | 49051 |
| 942 ## - ADDED ENTRY ELEMENTS (KOHA) | |
| Source of classification or shelving scheme | |
| Koha item type | Book |
| Withdrawn status | Lost status | Source of classification or shelving scheme | Damaged status | Not for loan | Permanent Location | Current Location | Date acquired | Total Checkouts | Full call number | Barcode | Date last seen | Price effective from | Koha item type |
|---|---|---|---|---|---|---|---|---|---|---|---|---|---|
| Military College of Engineering (MCE) | Military College of Engineering (MCE) | 12/31/2014 | 959.1 BUR | MCE-40208 | 12/31/2014 | 12/31/2014 | Book |
